[Event "IOM Open-Masters 2017"]
[Site "Douglas"]
[Date "2017.09.24"]
[Round "2"]
[White "Sokolov, Ivan"]
[Black "Vignesh, B."]
[Result "1-0"]
[WhiteElo "2603"]
[BlackElo "2260"]
[Annotator "TA"]
[PlyCount "41"]
[EventDate "2017.??.??"]
[EventType "swiss"]
[EventCountry "GBR"]
[SourceTitle "playchess.com"]
[Source "ChessBase"]
[SourceQuality "1"]

{[%evp 25,41,16,17,3,20,7,44,48,66,72,165,138,431,424,753,685,773,768]} 1. d4 Nf6 2. c4 e6 3. Nf3 c5 4. d5 d6 5. Nc3 exd5 6. cxd5 g6 7. Nd2 Bg7 8. e4 O-O 9. Be2 a6 10. a4 Re8 11. O-O Nbd7 12. Qc2 Ne5 13. h3 {A77: Modern Benoni: Classical: 9...Re8 10 Nd2: 10...a6 and 10...Nbd7} (13. Ra3 g5 14. Re1 g4 15. Nf1 Bd7 16. Ng3 Ng6 17. Bd2 Re5 18. Nd1 b5 19. axb5 axb5 20. Rxa8 Qxa8 21. Ne3 Re8 {½-½ (45) Dragun,K (2586)-Donchenko,A (2567) Biel 2015}) 13... g5 {LiveBook: 12 Games} 14. f4 gxf4 15. Rxf4 {The position is equal.} Bh6 16. Rf1 $1 Be3+ 17. Kh1 Nfg4 {[#]} (17... Bg4 $16 18. Nf3 (18. hxg4 Nxe4 19. g3 Nxg3+ 20. Kg2 Nxf1 $11) 18... Bxc1 19. Qxc1 Bxf3 20. gxf3 Kh8) 18. Nd1 $146 {And now Ra3 would win.} ({Predecessor:} 18. Bxg4 Bxg4 19. Nf3 Bxc1 20. Nxe5 Rxe5 21. Raxc1 {1-0 (37) Meskovs,N (2469)-Smieszek,W (2217) Warsaw 2016}) 18... Rb8 $2 {[%mdl 8192]} (18... Bd4 $16 {keeps fighting.}) 19. Ra3 {White is clearly winning.} ({Not} 19. Bxg4 Nxg4 20. Ra3 Bxd2 $18) 19... Qg5 (19... Bd4 $142 20. hxg4 Bxg4 21. Bxg4 Nxg4) 20. Bxg4 Nxg4 21. Nf3 1-0

[Event "IOM Open-Masters 2017"]
[Site "Douglas"]
[Date "2017.09.24"]
[Round "2"]
[White "Bindrich, Falko"]
[Black "Bellin, Robert"]
[Result "1-0"]
[WhiteElo "2598"]
[BlackElo "2344"]
[Annotator "TA"]
[PlyCount "55"]
[EventDate "2017.??.??"]
[EventType "swiss"]
[EventCountry "GBR"]
[SourceTitle "playchess.com"]
[Source "ChessBase"]
[SourceQuality "1"]

{[%evp 16,55,42,48,65,54,77,68,126,125,126,119,120,117,108,64,145,141,139,152,173,166,154,99,141,135,162,158,158,160,173,172,179,179,220,222,505,504,504,499,477,468]} 1. d4 f5 2. g3 Nf6 3. Bg2 e6 4. Nf3 Be7 5. O-O O-O 6. c4 Ne4 7. Qc2 Bf6 8. b3 {A92: Classical Dutch: Classical Stonewall (with ...Be7): Early deviations} c5 9. Bb2 {LiveBook: 3 Games} Nc6 {[%cal Rc5d4]} 10. dxc5 {White is slightly better.} Bxb2 $146 ({Predecessor:} 10... Qe7 11. a3 a5 12. Nc3 Nxc3 13. Bxc3 Qxc5 14. Bxf6 Rxf6 15. Qd3 Rb8 16. Rfd1 b5 17. cxb5 Qxb5 18. Qxb5 Rxb5 {1-0 (43) Haba,P (2515)-Sick,O (2355) Germany 1992}) 11. Qxb2 Qf6 (11... Nxc5 $14 12. Nc3 Qf6) 12. Qxf6 $16 gxf6 13. Nfd2 Nxc5 14. Nc3 a5 15. e4 fxe4 ({Black should play} 15... f4 $1 $14) 16. Ndxe4 ({But not} 16. Bxe4 $6 f5 $14) 16... Nxe4 17. Bxe4 Nd8 18. Rfd1 Nf7 19. c5 (19. Na4 $142) 19... Rd8 20. Na4 $36 {[%mdl 2048] Keeping Black busy.} d5 {[#]} 21. cxd6 $1 Rxd6 22. Rxd6 Nxd6 23. Bf3 {Nb6 is the strong threat.} Ra6 {[#]} 24. Rc1 $1 b5 25. Nc5 Rb6 $2 (25... Ra7 {was called for.} 26. Ne4 Bb7) 26. Ne4 $18 {White is clearly winning.} Bb7 27. Nxf6+ Kf7 28. Nd7 {Precision: White = 79%, Black = 21%.} 1-0

[Event "IOM Open-Masters 2017"]
[Site "Douglas"]
[Date "2017.09.24"]
[Round "2"]
[White "Huschenbeth, Niclas"]
[Black "Mueller, Philipp"]
[Result "1-0"]
[WhiteElo "2596"]
[BlackElo "2220"]
[Annotator "TA"]
[PlyCount "59"]
[EventDate "2017.??.??"]
[EventType "swiss"]
[EventCountry "GBR"]
[SourceTitle "playchess.com"]
[Source "ChessBase"]
[SourceQuality "1"]

{[%evp 33,59,38,32,40,37,35,175,125,229,226,231,242,339,339,345,337,617,603,911,909,859,665,646,632,3403,2804,29991,29992]} 1. e4 c5 2. Nf3 Nc6 3. d4 cxd4 4. Nxd4 Nf6 5. Nc3 e5 6. Ndb5 {[%cal Bd4b5,Bb5a3,Ba3c2][%mdl 32]} d6 7. Bg5 a6 8. Na3 b5 9. Nd5 Be7 10. Bxf6 Bxf6 11. c4 b4 12. Nc2 a5 13. Qf3 {B33: Sicilian: Pelikan and Sveshnikov Variations} Bg5 (13... Be6 14. Nxf6+ Qxf6 15. Qxf6 gxf6 16. Bd3 Ke7 17. Kd2 a4 18. g3 Ra5 19. f4 Rc5 20. b3 Ra8 {0-1 (43) Gabuzyan,H (2607)-Vidit,S (2658) Martuni 2016}) 14. h4 Bh6 15. g4 {[%cal Bg2g4,Bg4g5][%mdl 32]} f6 16. Rg1 O-O 17. Qg3 g6 {LiveBook: 3 Games} 18. g5 Bg7 19. O-O-O f5 {[#]} ({Black should play} 19... a4 $14) 20. h5 $1 $18 fxe4 $146 (20... gxh5 $16 21. Qh4 Ne7) ({Predecessor:} 20... Rf7) 21. hxg6 hxg6 {[#]} 22. c5 $1 {[%mdl 512]} Be6 {[#]} (22... Nd4 $142 23. cxd6 Ra7) (22... dxc5 23. Bc4) 23. Nf6+ $1 {[%mdl 512]} Bxf6 24. gxf6 Rxf6 $2 (24... Qxf6 25. Rxd6 Nd8) 25. Rxd6 Qe8 26. Bb5 Rc8 27. Qh4 Kg7 28. Rh1 Rf4 29. Qh7+ Kf6 30. Ne3 {Precision: White = 91%, Black = 26%.} 1-0

[Event "IOM Open-Masters 2017"]
[Site "Douglas"]
[Date "2017.09.24"]
[Round "2"]
[White "Svane, Rasmus"]
[Black "Rapport, Jovana"]
[Result "1-0"]
[WhiteElo "2595"]
[BlackElo "2327"]
[Annotator "TA"]
[PlyCount "39"]
[EventDate "2017.??.??"]
[EventType "swiss"]
[EventCountry "GBR"]
[SourceTitle "playchess.com"]
[Source "ChessBase"]
[SourceQuality "1"]

{[%evp 10,39,35,28,37,33,37,41,61,45,45,52,66,44,46,51,49,37,99,91,116,120,111,110,139,128,394,395,419,400,394,382]} 1. Nf3 d5 2. d4 Bf5 3. c4 e6 4. Nc3 Bb4 (4... Nf6 5. Nh4 Bb4 6. cxd5 Qxd5 7. e3 c5 8. Bb5+ Nc6 9. O-O Qd7 10. Nxf5 exf5 11. Ne2 cxd4 12. Nxd4 Bc5 13. Nxc6 bxc6 14. Qxd7+ Kxd7 {½-½ (22) Gelfand,B (2724)-Mamedyarov,S (2772) Moscow 2017}) 5. Bg5 Ne7 6. e3 {LiveBook: 3 Games. D06: Queen's Gambit: Symmetrical and Baltic Defences} f6 $146 ({Predecessor:} 6... O-O 7. Be2 Nbc6 8. O-O Qd7 9. Na4 dxc4 10. Bxc4 Ng6 11. Rc1 h6 12. Bh4 Nxh4 13. Nxh4 {1-0 (44) Ruck,R (2561)-Rozhko,D (2324) Tallinn 2016}) 7. Bf4 g5 8. Bg3 {White is slightly better.} h5 {[#] aiming for ...h4.} 9. h4 g4 10. Nd2 Nbc6 11. a3 Bd6 12. Bxd6 Qxd6 13. g3 a6 (13... O-O-O $1 $14) 14. Bg2 Bd3 15. cxd5 exd5 16. Nb3 Bc4 {[#]} 17. Nc5 $1 {[%cal Rc5b7]} Nf5 $2 {[%mdl 8192]} (17... Nd8 $16 18. b3 Bb5) 18. Nxb7 $18 {White is winning.} Qe7 19. Nxd5 Bxd5 20. Bxd5 {Precision: White = 97%, Black = 30%.} 1-0

[Event "IOM Open-Masters 2017"]
[Site "Douglas"]
[Date "2017.09.24"]
[Round "2"]
[White "Tari, Aryan"]
[Black "Enkhtuul, Altan-Ulzii"]
[Result "1-0"]
[WhiteElo "2588"]
[BlackElo "2327"]
[Annotator "TA"]
[PlyCount "105"]
[EventDate "2017.??.??"]
[EventType "swiss"]
[EventCountry "GBR"]
[SourceTitle "playchess.com"]
[Source "ChessBase"]
[SourceQuality "1"]

{[%evp 18,105,47,46,81,75,92,92,121,96,141,126,156,156,144,142,147,168,158,151,163,142,129,129,166,120,171,120,116,111,112,116,131,135,160,172,187,162,198,202,267,283,283,291,291,278,290,283,268,289,282,262,287,278,282,308,431,472,463,444,779,777,766,759,742,736,779,760,765,733,855,823,857,838,1007,862,1370,1309,6141,6002,1732,939,939,939,934,934,885,877,877,836]} 1. e4 Nf6 2. e5 Nd5 3. d4 d6 4. Nf3 g6 5. Bc4 Nb6 6. Bb3 Bg7 7. Qe2 Nc6 8. a4 a5 9. O-O O-O 10. h3 d5 {B04: Alekhine's Defence: 4 Nf3} (10... dxe5 11. dxe5 Nd4 12. Nxd4 Qxd4 13. Re1 Be6 14. Bxe6 fxe6 15. Nd2 Nd5 16. Nf3 Qb6 17. c4 Nb4 18. Be3 c5 19. Ng5 Qc6 20. Rad1 Bh6 21. Rd2 {0-1 (46) Banawa,J (2363)-Durarbayli,V (2608) Saint Louis 2016}) 11. c3 f5 12. Bf4 e6 {White is better.} 13. Qe3 $146 ({Predecessor:} 13. Qd2 Rf7 14. h4 Qf8 15. h5 gxh5 16. g3 {1-0 (55) Hamblok,R (2145)-Penson,T (2219) Gent 2010}) 13... Ne7 14. Bc2 c5 15. dxc5 Nc4 {[#]} 16. Qc1 $1 Qc7 17. Re1 {Strongly threatening b3.} Qxc5 18. b3 Nb6 19. Be3 Qc7 20. Na3 {[%cal Bb1a3,Ba3c2,Bc2d4,Bd4e2,Be2f4][%mdl 32]} Bd7 21. Bd3 Rfc8 (21... Rac8 $16 22. Bd4 f4) 22. Bb5 (22. Qd2 $18) 22... Nc6 $16 23. Qd2 Bf8 24. Nc2 Nb8 25. Ncd4 Nc6 26. Ne2 Re8 27. Nf4 Nc8 28. h4 {[%cal Bh3h4,Bh4h5][%mdl 32]} Nxe5 29. Nxe5 Bxb5 30. Bd4 ({Much less strong is} 30. axb5 $6 Qxe5 31. Bc5 Qf6 $16) 30... Bc6 31. h5 Bh6 {[#]} 32. Nxe6 $1 {[%mdl 512]} Bxd2 (32... Rxe6 33. Qxh6) 33. Nxc7 Bxe1 34. Rxe1 ({Weaker is} 34. Nxa8 Bd2 $16) 34... Rb8 {Threatening ...Re7.} 35. Nxe8 Bxe8 {[#]} 36. Ng4 $1 {[%mdl 512]} Nd6 (36... fxg4 37. Rxe8+) 37. Nf6+ {White is clearly winning.} Kf7 38. Nxd5 {aiming for Re7+.} gxh5 (38... Nc8 $142 39. Be5 Bc6 40. Bxb8 Bxd5) 39. Re7+ $18 Kg8 40. Be5 Rd8 41. Bxd6 Bf7 42. Nf6+ Kg7 43. Be5 Rd1+ 44. Kh2 Kg6 45. Rxb7 Re1 46. Bd4 Rb1 {[#]} 47. Nxh5 $1 Rxb3 (47... Kxh5 48. Rxf7) 48. Nf4+ Kg5 49. Rxf7 {Ne6+ would kill now.} Kxf4 50. Rxh7 Ra3 51. Bf6 {[%cal Rh7h4]} Ke4 52. Rh4+ Kd5 53. Bd8 {Precision: White = 79%, Black = 39%.} 1-0

[Event "IOM Open-Masters 2017"]
[Site "Douglas"]
[Date "2017.09.24"]
[Round "2"]
[White "Sunilduth Lyna, Narayanan"]
[Black "Ojas Kulkarni"]
[Result "1-0"]
[WhiteElo "2568"]
[BlackElo "2289"]
[Annotator "TA"]
[PlyCount "95"]
[EventDate "2017.??.??"]
[EventType "swiss"]
[EventCountry "GBR"]
[SourceTitle "playchess.com"]
[Source "ChessBase"]
[SourceQuality "1"]

{[%evp 14,95,36,16,37,19,21,13,53,51,62,57,51,63,68,46,40,34,35,20,76,76,76,76,95,95,95,95,95,95,98,76,76,79,79,79,119,117,125,117,125,125,125,125,125,125,125,125,125,113,118,112,110,112,125,108,110,119,125,125,194,169,233,221,233,226,233,233,226,215,270,270,266,266,252,227,456,456,456,456,1413,1125,5106,4802]} 1. Nf3 Nf6 2. c4 c5 3. Nc3 d5 4. cxd5 Nxd5 5. e3 Nxc3 6. bxc3 g6 7. Bb5+ Bd7 {A34: Symmetrical English: 2 Nc3, lines with ...d5} 8. Qb3 {LiveBook: 13 Games} Nc6 9. Ba3 (9. O-O {keeps more tension.} Bg7 10. d4 O-O 11. Ba3 b6 12. dxc5 Na5 13. Qb1) 9... e6 $146 {The position is equal.} ({Predecessor:} 9... b6 10. Rb1 Bg7 11. d4 O-O 12. O-O Na5 13. Qa4 Bf5 14. Rbc1 Qc7 15. dxc5 bxc5 {0-1 (99) Speelman,J (2524)-Sasikiran,K (2690) Caleta 2011}) 10. O-O c4 11. Qb2 Bxa3 12. Qxa3 Qa5 13. Qb2 $1 Qb6 {And now ...a6 would win.} 14. Rab1 Qc5 15. Qc2 a6 16. Qa4 Qa7 (16... Qd6 $11) 17. Bxc6 $1 $16 Bxc6 18. Qxc4 Bxf3 19. gxf3 O-O 20. Qc7 b5 21. Qxa7 Rxa7 {[%mdl 4096] Endgame KRR-KRR} 22. Rfc1 Rd8 23. Rc2 Rad7 24. Rbb2 Rc7 {[#]} 25. a4 $1 {[%mdl 512]} Rc5 (25... bxa4 26. Rb4) 26. axb5 axb5 27. f4 Rb8 28. Rb4 Ra8 29. Rcb2 Ra1+ 30. Kg2 Rd1 31. Rd4 Kg7 32. Ra2 Rc7 33. Ra8 Rb7 34. Rad8 Kf6 35. Rb4 Ra7 36. Rb2 h5 (36... h6 $16 {was necessary.} 37. Rc8 (37. Rxb5 Ra2 $16) 37... g5) 37. Kf3 $18 (37. Rxb5 $6 Ra2 $16) 37... Ke7 (37... Rb7 {was called for.} 38. Rc8 Rh1) 38. Rb8 Rd7 {[#]} 39. Ke2 $1 {[%cal Re2d1]} ({Don't take} 39. R2xb5 $6 R1xd2 40. R5b7 R2d5 $16) ({Resist} 39. R8xb5 $6 R7xd2 40. Rxd2 Rxd2 $16) 39... Rh1 40. R8xb5 ({But not} 40. R2xb5 Rxh2 41. Rb1 Rc7) 40... Rxh2 {[#]} 41. Rb1 $1 h4 42. Rb7 Rxb7 43. Rxb7+ {KR-KR} Kf6 44. Rb1 e5 $2 (44... g5 {keeps fighting.}) 45. fxe5+ {White is clearly winning.} Kxe5 46. Rg1 Kf5 (46... g5 $142 47. Rxg5+ Kd6) 47. c4 {[%cal Bc3c4,Bc4c5][%mdl 32]} g5 48. c5 {Precision: White = 79%, Black = 46%.} 1-0

[Event "IOM Open-Masters 2017"]
[Site "Douglas"]
[Date "2017.09.24"]
[Round "2"]
[White "Pichot, Alan"]
[Black "Lorscheid, Gerhard"]
[Result "1-0"]
[WhiteElo "2565"]
[BlackElo "2192"]
[Annotator "TA"]
[PlyCount "55"]
[EventDate "2017.??.??"]
[EventType "swiss"]
[EventCountry "GBR"]
[SourceTitle "playchess.com"]
[Source "ChessBase"]
[SourceQuality "1"]

{[%evp 18,55,37,29,57,25,116,96,106,67,142,131,198,185,203,196,233,225,226,218,241,241,297,307,460,458,515,507,520,512,1499,1469,1369,1352,1263,909,856,884,1287,1271]} 1. e4 d6 2. d4 Nf6 3. Nc3 e5 4. Nf3 Nbd7 5. Bc4 Be7 6. a4 O-O 7. O-O c6 8. h3 h6 9. Ba2 {C41: Philidor Defence} (9. Re1 Re8 10. Be3 Qc7 11. Nh4 d5 12. exd5 Nb6 13. Bb3 Nfxd5 14. Nf3 Nxc3 15. bxc3 e4 16. Ne5 Nd5 17. Bd2 Bd6 18. Rxe4 Bf5 19. Bxd5 cxd5 {1-0 (65) Jakovenko,D (2736)-Jobava,B (2713) Khanty-Mansiysk 2011}) 9... a5 10. Be3 {LiveBook: 11 Games} exd4 11. Bxd4 {White is slightly better.} Nc5 $146 (11... Re8 $11 {remains equal.}) ({Predecessor:} 11... Qc7 12. Qd2 Ne5 13. Qf4 Nh5 14. Qe3 Bf6 15. Rad1 Re8 16. Nxe5 Bxe5 {1-0 (30) Savchenko,B (2599)-Moranda,W (2591) Wroclaw 2014}) 12. Bxc5 $1 $16 dxc5 13. Qe2 Ne8 ({Black should play} 13... Re8 $14) 14. Ne5 {Black must now prevent Rad1.} Nc7 (14... Nf6 $16 {is a better defense.} 15. Ng6 Re8) 15. Rad1 $36 {[%mdl 2048] Keeping Black busy.} Qe8 16. Ng6 $1 Ne6 17. Bxe6 Bxe6 18. Nxf8 Bxf8 19. f4 {[%cal Bf2f4,Bf4f5][%mdl 32]} b6 20. e5 c4 (20... Rd8 $142 21. f5 Bc8) 21. f5 {White is clearly winning.} Bc8 22. e6 fxe6 23. f6 {[#] f7+ is the strong threat.} gxf6 (23... Kh8 $142 24. f7 Qe7) 24. Ne4 Kh8 25. Nxf6 Qe7 26. Qe4 {White threatens Rd8 and mate.} Ra7 27. Qg6 {[%csl Gf6][%cal Rg6g8] [#]} Qg7 28. Qe8 {Precision: White = 91%, Black =  7%.} 1-0

[Event "IOM Open-Masters 2017"]
[Site "Douglas"]
[Date "2017.09.24"]
[Round "2"]
[White "Donchenko, Alexander"]
[Black "Seyfried, Claus"]
[Result "1-0"]
[WhiteElo "2559"]
[BlackElo "2173"]
[Annotator "TA"]
[PlyCount "27"]
[EventDate "2017.??.??"]
[EventType "swiss"]
[EventCountry "GBR"]
[SourceTitle "playchess.com"]
[Source "ChessBase"]
[SourceQuality "1"]

{[%evp 20,27,35,33,162,159,226,213,435,428]} 1. d4 d5 2. c4 e6 3. Nf3 c6 4. e3 Bd6 5. b3 f5 6. Bd3 Nf6 7. O-O Qe7 8. Bb2 O-O 9. Nc3 {A84: Dutch Defence: 2 c4 Miscellaneous} Ne4 10. Rc1 Nd7 11. Ne2 {LiveBook: 12 Games} e5 $146 (11... b6 $14) ({Predecessor:} 11... a5 12. Bb1 b6 13. Nf4 Ba6 14. Nd3 Rac8 15. Re1 Rfd8 16. Re2 c5 {½-½ (60) Alekseev,E (2642)-Zhigalko,S (2655) Minsk 2015}) 12. cxd5 $18 cxd5 (12... Nxf2 $16 13. Rxf2 e4) 13. dxe5 Nxe5 $2 {[#]} (13... Bxe5 {keeps fighting.} 14. Nxe5 Nxe5) 14. Bxe4 $1 1-0

[Event "IOM Open-Masters 2017"]
[Site "Douglas"]
[Date "2017.09.24"]
[Round "2"]
[White "Vishnu, Prasanna. V"]
[Black "Loew, Gerald"]
[Result "1-0"]
[WhiteElo "2543"]
[BlackElo "2262"]
[Annotator "TA"]
[PlyCount "85"]
[EventDate "2017.??.??"]
[EventType "swiss"]
[EventCountry "GBR"]
[SourceTitle "playchess.com"]
[Source "ChessBase"]
[SourceQuality "1"]

{[%evp 13,85,41,36,33,49,35,53,44,35,29,42,16,17,10,60,-22,57,50,56,51,65,54,73,60,81,59,94,16,0,0,54,30,226,221,227,235,220,86,79,60,31,64,54,56,46,0,0,-31,0,0,0,0,73,89,395,395,385,392,384,372,633,626,623,618,607,594,569,559,670,645,4133,2294,4586,4133]} 1. e4 d6 2. d4 Nf6 3. Nc3 e5 4. Nf3 Nbd7 5. Bc4 Be7 6. O-O c6 7. a4 a5 {LiveBook: 28 Games. C41: Philidor Defence} 8. Qe2 (8. Re1 O-O 9. h3 Qc7 10. Be3 Nb6 11. Ba2 Nfd7 12. Qe2 Bf6 13. d5 Be7 14. Rad1 Nf6 15. Nd2 Bd7 16. Nc4 Nxc4 17. Qxc4 Rac8 18. Qb3 cxd5 {1-0 (80) Howell,D (2644)-Maghsoodloo,P (2584) Doha 2016}) 8... h6 9. Ba2 Qc7 {White is slightly better.} 10. Rd1 Nf8 11. Qc4 $146 ({Predecessor:} 11. Nh4 g6 12. d5 Nxd5 13. exd5 Bxh4 {1-0 (24) Almagro Llamas,P (2487)-Adan Bermudez,S (2358) Madrid 2014}) 11... Ne6 12. h3 O-O 13. Be3 Re8 14. Qb3 ({White should play} 14. d5 $14 cxd5 15. Nxd5 (15. exd5 Qxc4 16. Bxc4 Nc7 $14) 15... Nxd5 16. exd5 (16. Rxd5 Qxc4 17. Bxc4 Nf8 $14) 16... Qxc4 17. Bxc4) 14... Ra6 (14... exd4 $1 $11 15. Nxd4 Bf8) 15. d5 $14 cxd5 {White must now prevent ...d4.} 16. Nb5 Qd8 {Hoping for ...d4.} 17. exd5 Nc7 18. c4 {[%cal Bc2c4,Bc4c5][%mdl 32]} Bf5 19. c5 $1 Be4 {[#]} 20. Nc3 (20. Nxe5 $1 $16 {Threatens to win with Nc4.} Bxd5 21. Qa3) 20... Bxf3 $1 $11 21. gxf3 Qc8 (21... Qd7 $11) 22. Kh2 dxc5 $2 (22... Rf8 $11) 23. d6 $1 $18 Bxd6 {And now ...Ne6 would win.} 24. Qxf7+ Kh7 25. Bb1+ (25. Rxd6 $18 {is more deadly.} Rxd6 26. Rg1) 25... e4+ $16 {[#]} 26. Rxd6 $1 {[%mdl 512]} Rxd6 27. Nxe4 Nxe4 28. Bxe4+ $40 {[%mdl 128] [#] White has some attack.} Rxe4 $1 {[%mdl 512]} 29. fxe4 (29. Rg1 $14 Ne8 30. fxe4) 29... Rf6 $15 30. Qh5 Ne6 31. Rg1 Qf8 32. e5 Nf4 (32... Qf7 $1 $11 {remains equal.} 33. Qg4 Rf5) 33. Qf3 Rf7 $2 {[%mdl 8192]} (33... Rf5 $16 {is tougher.}) 34. Qe4+ $18 Kh8 35. e6 Nxe6 36. Qxe6 Rxf2+ $2 (36... b6 37. Qxb6 Rxf2+ 38. Rg2 (38. Bxf2 Qxf2+ 39. Kh1 Qf3+ 40. Rg2 Qf1+ 41. Kh2 Qf4+ 42. Rg3 Qf2+ 43. Rg2 Qf4+ 44. Rg3 Qf2+ 45. Rg2 Qf4+ $11) 38... Rxg2+ 39. Kxg2 Qe8 40. Qxc5 Qxa4) 37. Bxf2 {White is clearly winning.} Qxf2+ 38. Rg2 {Intending Qe8+ and mate.} Qf4+ 39. Kg1 Qc1+ {[#]} 40. Kf2 $1 {Threatening mate with Qe8+.} Qxb2+ 41. Kg3 Qa3+ 42. Kh2 {Qe8+ would kill now.} Qxa4 43. Rf2 {Precision: White = 45%, Black = 32%.} 1-0

[Event "IOM Open-Masters 2017"]
[Site "Douglas"]
[Date "2017.09.24"]
[Round "2"]
[White "Swapnil, S  Dhopade"]
[Black "L'Ami, Alina"]
[Result "1-0"]
[WhiteElo "2532"]
[BlackElo "2286"]
[Annotator "TA"]
[PlyCount "61"]
[EventDate "2017.??.??"]
[EventType "swiss"]
[EventCountry "GBR"]
[SourceTitle "playchess.com"]
[Source "ChessBase"]
[SourceQuality "1"]

{[%evp 23,61,25,51,23,25,25,24,32,277,283,450,452,477,490,513,509,482,395,337,552,551,528,535,531,527,531,554,534,690,687,901,901,883,878,847,835,1077,732,1077,1052]} 1. d4 Nf6 2. Nf3 g6 3. g3 Bg7 4. Bg2 O-O 5. O-O d6 6. b3 e5 7. dxe5 dxe5 8. Ba3 Re8 {A49: 1 d4 Nf6 2 Nf3 g6 3 g3: Anti-King's Indian systems} (8... Qxd1 9. Rxd1 Re8 10. c4 e4 11. Nd4 c6 12. Nc3 Na6 13. e3 Bg4 14. Rd2 Rad8 15. h3 Bc8 16. Rad1 {1-0 (41) Kramnik,V (2808)-Vocaturo,D (2583) Baku 2016}) 9. Qxd8 Rxd8 10. Nc3 Nc6 11. Rad1 Bf5 12. Nh4 Bxc2 {LiveBook: 4 Games} 13. Rxd8+ Rxd8 14. Bxc6 bxc6 15. Rc1 Be4 $146 {[#]} ({Better is} 15... Bf5 $1 $14) ({Predecessor:} 15... Bf5 16. Nxf5 gxf5 {1-0 (50) Maidana Guerra,V (1934)-Pott,B (1742) LSS email 2010}) 16. Be7 $18 Rd7 (16... Rd4 {was worth a try.} 17. e3 Rd3) 17. Bxf6 $1 Bxf6 18. Nxe4 Bxh4 19. gxh4 {[%mdl 4096] Endgame KRN-KR} Rd4 20. Rc4 Rd1+ 21. Kg2 f5 {White is clearly winning.} 22. Nf6+ Kg7 23. Rxc6 Rd2 24. e3 Rxa2 25. Nd5 a5 26. Rxc7+ Kg8 27. Nf6+ Kf8 28. Nxh7+ Ke8 29. Nf6+ Kd8 30. Rd7+ Kc8 31. Rg7 {Precision: White = 80%, Black = 24%.} 1-0

[Event "IOM Open-Masters 2017"]
[Site "Douglas"]
[Date "2017.09.24"]
[Round "2"]
[White "Perelshteyn, Eugene"]
[Black "Carlsen, Magnus"]
[Result "0-1"]
[WhiteElo "2524"]
[BlackElo "2827"]
[Annotator "TA"]
[PlyCount "98"]
[EventDate "2017.??.??"]
[EventType "swiss"]
[EventCountry "GBR"]
[SourceTitle "playchess.com"]
[Source "ChessBase"]
[SourceQuality "1"]

{[%evp 18,98,50,35,33,28,47,20,39,0,4,0,70,85,110,101,119,68,68,62,70,53,58,34,41,34,42,39,47,52,84,80,87,87,87,85,85,85,89,0,0,0,0,0,0,0,0,0,0,0,18,-5,-5,-6,-6,-71,-65,-112,-99,-114,-113,-120,-45,-101,-118,-117,-124,-120,-113,-126,-120,-120,-116,-128,-100,-111,-114,-116,-104,-262,-250,-514,-506]} 1. d4 g6 2. e4 d6 3. Nc3 Bg7 4. Be3 a6 5. Nf3 b5 6. Bd3 Nd7 {B06: Modern Defence} 7. e5 Bb7 8. e6 fxe6 9. Ng5 Nf8 10. O-O {[%mdl 1024] LiveBook: 27 Games. White has compensation.} Qd7 (10... Nf6 11. f3 h6 12. Nge4 Nd5 13. Nxd5 exd5 {1-0 (38) Najer,E (2679)-Mchedlishvili,M (2601) Doha 2016}) 11. Re1 Nf6 12. a4 {[%cal Ra4b5]} b4 $146 ({Predecessor:} 12... h6 13. Nf3 b4 {1-0 (27) Pert,R (2461)-Tiller,B (2391) Sunningdale 2008}) 13. Na2 Qxa4 14. Qe2 {[#]} h6 (14... c5 $1 $11) 15. Nf3 $14 Kf7 16. Bd2 b3 17. Nc3 (17. Nb4 $16 Qd7 18. cxb3) 17... Qd7 18. cxb3 Rb8 19. Ra3 Nd5 20. Ne4 Kg8 21. h4 Qe8 22. Bxa6 Bxa6 23. Qxa6 Bf6 24. Qc4 Nd7 25. Nc3 N7b6 26. Qe2 Qf7 27. Ne4 Rf8 28. Nxf6+ ({White should play} 28. b4 $16) 28... exf6 $11 29. Qxe6 Qxe6 30. Rxe6 Kf7 31. Re1 (31. Re4 {looks sharper.} Ne7 32. Re1 Rb8 33. Rc1 Nbd5 34. b4) 31... Rb8 32. Rc1 Nc8 33. Ne1 Nce7 34. Nd3 g5 35. hxg5 hxg5 36. b4 (36. f3 $11 {remains equal.}) 36... Rh4 $17 37. Bc3 Rbh8 {[%csl Gh8][%cal Rh4h1]} 38. g3 Rh1+ 39. Kg2 R8h2+ $1 40. Kf3 {[#]} g4+ $1 {[%mdl 512]} 41. Kxg4 Rxc1 42. Nxc1 Rxf2 43. Be1 f5+ 44. Kh3 Rxb2 45. Nd3 Rc2 46. b5 Nf6 47. Rb3 Re2 {And now ...Ne4 would win.} 48. b6 $2 (48. Ba5 $17) 48... cxb6 $19 49. Rxb6 $2 {[#]} (49. Rb2 Re3 50. Rb3) 49... Ne4 $1 {Precision: White = 56%, Black = 86%.} 0-1